Statistics for Guess the 70s Song by a Lyric

Click here to take the quiz!

General Stats

  • This quiz has been taken 139 times
  • The average score is 9 of 20

Answer Stats

LyricsTitleArtist% Correct
"At first I was afraid, I was petrified. Kept thinking I could never live without you by my side"I Will SurviveGloria Gaynor
84%
"You can dance, you can jive. Having the time of your life"Dancing QueenABBA
80%
"You may say I'm a dreamer, but I'm not the only one"ImagineJohn Lennon
76%
"Two hundred degrees; that's why they call me Mister FahrenheitDon't Stop Me NowQueen
72%
"Ooh-hoo, nobody knows it, nobody knows. Right from the start, I gave you my heart"Don't Go Breaking My HeartElton John & Kiki Dee
60%
"There's a lady who's sure all that glitters is gold"Stairway to HeavenLed Zeppelin
60%
"Very superstitious, writings on the wall. Very superstitious, ladders bout' to fall"SuperstitionStevie Wonder
56%
"Those days are over. You don't have to sell your body to the night"RoxanneThe Police
51%
"Teenage wasteland. It's only teenage wasteland"Baba O' RileyThe Who
43%
"Big wheels keep on turnin'. Carry me home to see my kin"Sweet Home AlabamaLynyrd Skynyrd
41%
"Once I had a love and it was divine. Soon found out I was losing my mind"Heart of GlassBlondie
40%
"I'll be your friend, I'll help you carry on. For it won't be long"Lean On MeBill Withers
40%
"In the day we sweat it out on the streets of a runaway American dream"Born to RunBruce Springsteen
36%
"Ba de ya, say do you remember?"SeptemberEarth, Wind, & Fire
31%
"Take a look at the lawman, beating up the wrong guy. Oh man, wonder if he'll ever know"Life On Mars?David Bowie
26%
"It's a crime. Share it fairly but don't take a slice of my pie"MoneyPink Floyd
18%
"Said, said, said I remember when we used to sit, in the government yard in Trenchtown"No Woman No CryBob Marley & the Wailers
16%
"Lovin' you whether, whether. Times are good or bad, happy or sad"Let's Stay TogetherAl Green
15%
"Life goin' nowhere. Somebody help me. Somebody help me, yeah"Stayin' AliveBee Gees
12%
"Lovely is the feelin' now. Fever, temperatures risin' now"Don't Stop 'Til You Get EnoughMichael Jackson
3%

Score Distribution

Percentile by Number Answered

Percent of People with Each Score

Your Score History

You have not taken this quiz